[Event "Mittelfrank Regionalliga Sud-Ost 2122"]
[Site "Mittelfranken"]
[Date "2022.06.26"]
[Round "3.4"]
[White "Schneider, Roland"]
[Black "Huber, Florian"]
[Result "1-0"]
[WhiteElo "2078"]
[BlackElo "1839"]
[PlyCount "51"]
[EventDate "2021.10.24"]
[EventType "team-tourn"]
[EventRounds "9"]
[EventCountry "GER"]
[SourceTitle "EXT 2024"]
[Source "ChessBase"]
[SourceDate "2023.10.10"]
[SourceVersion "1"]
[SourceVersionDate "2023.10.10"]
[SourceQuality "1"]
[WhiteTeam "Passau II"]
[BlackTeam "Landau Dingolfing"]
[WhiteTeamCountry "GER"]
[BlackTeamCountry "GER"]

1. e4 e5 2. Nf3 Nc6 3. Bc4 Bc5 4. b4 Bxb4 5. c3 Ba5 6. d4 exd4 7. 0-0 Nge7 8. Ng5 d5 9. exd5 Ne5 10. Qxd4 f6 11. Ba3 Bb6 12. Qe4 Bf5 13. Qe2 Qd7 14. Ne6 Kf7 15. Nf4 Kf8 16. Nd2 Qa4 17. Bb4 Bg4 18. Nf3 Qe8 19. Ne6+ Bxe6 20. Nxe5 fxe5 21. dxe6 c5 22. Ba3 Nc6 23. Rad1 Rd8 24. Rxd8 Nxd8 25. Qxe5 Qa4 26. e7+ 1-0

[Event "Niederbayernliga 1415"]
[Site "Bayern"]
[Date "2015.04.12"]
[Round "9.2"]
[White "Grum, Theodor"]
[Black "Schneider, Roland"]
[Result "1/2-1/2"]
[WhiteElo "1831"]
[BlackElo "2046"]
[PlyCount "90"]
[EventDate "2014.10.19"]
[EventType "team-tourn"]
[EventRounds "9"]
[EventCountry "GER"]
[SourceTitle "EXT 2023"]
[Source "ChessBase"]
[SourceDate "2022.10.05"]
[SourceVersion "1"]
[SourceVersionDate "2022.10.05"]
[SourceQuality "1"]
[WhiteTeam "Grafenau"]
[BlackTeam "Passau II"]
[WhiteTeamCountry "GER"]
[BlackTeamCountry "GER"]

1. e4 c5 2. Nf3 e6 3. d3 Nc6 4. g3 g6 5. Bg2 Bg7 6. 0-0 Nge7 7. Re1 d6 8. Nbd2 0-0 9. a4 Rb8 10. Nc4 b6 11. Bf4 e5 12. Bd2 a6 13. Ne3 Qc7 14. Qc1 Bd7 15. h4 Nd4 16. Ra3 Bc6 17. Nh2 Qd7 18. c3 Ne6 19. c4 Nd4 20. Nc2 Ne6 21. Ne3 f5 22. Nd5 Nd4 23. Nxe7+ Qxe7 24. Nf3 Nxf3+ 25. Bxf3 f4 26. Qd1 Bh6 27. Kg2 Bd7 28. Rh1 Qf7 29. g4 b5 30. axb5 axb5 31. g5 Bg7 32. b3 h6 33. Bg4 Qe7 34. Bxd7 f3+ 35. Kg3 Qxd7 36. gxh6 Bh8 37. Rh3 Rf7 38. Be3 Kh7 39. Qc1 Rbf8 40. Ra5 b4 41. Qa1 Bf6 42. Ra8 Bd8 43. Qa4 Qe6 44. Ra7 Bc7 45. Qc6 Rc8 1/2-1/2

[Event "Niederbayern-ch MK 49th"]
[Site "Vilshofen"]
[Date "2008.??.??"]
[Round "3"]
[White "Sriskandarajah, Pragash"]
[Black "Schneider, Roland"]
[Result "0-1"]
[WhiteElo "1864"]
[BlackElo "1998"]
[PlyCount "64"]
[EventDate "2008.??.??"]
[EventType "swiss"]
[EventRounds "7"]
[EventCountry "GER"]
[SourceTitle "EXT 2010"]
[Source "ChessBase"]
[SourceDate "2010.11.25"]
[SourceVersion "1"]
[SourceVersionDate "2010.11.25"]
[SourceQuality "1"]

1. e4 c5 2. Nf3 d6 3. Nc3 Nf6 4. b3 a6 5. Bb2 Nc6 6. Be2 e6 7. 0-0 Be7 8. d4 cxd4 9. Nxd4 Qc7 10. Kh1 0-0 11. f4 Nxd4 12. Qxd4 b5 13. Bd3 e5 14. Qe3 Bb7 15. h3 Rfe8 16. Rad1 Rac8 17. Qf3 b4 18. Nd5 Bxd5 19. exd5 e4 20. Bxe4 Nxe4 21. Qxe4 Bf6 22. Qxb4 Bxb2 23. c4 a5 24. Qd2 Ba3 25. f5 f6 26. Rf3 Re5 27. Rdf1 Rce8 28. Rg3 Bb4 29. Qd4 Qc5 30. Qg4 R8e7 31. h4 Re4 32. Qh5 Qd4 0-1

[Event "Regionalliga NO 0405"]
[Site "Bayern"]
[Date "2005.02.13"]
[Round "7.6"]
[White "Schneider, Roland"]
[Black "Hein, Manfred"]
[Result "1-0"]
[WhiteElo "2059"]
[BlackElo "2032"]
[PlyCount "123"]
[EventDate "2004.10.24"]
[EventType "team-tourn"]
[EventRounds "9"]
[EventCountry "GER"]
[SourceTitle "EXT 2007"]
[Source "ChessBase"]
[SourceDate "2006.11.23"]
[SourceVersion "1"]
[SourceVersionDate "2006.11.23"]
[SourceQuality "1"]
[WhiteTeam "Regensburg Eulenspiegel"]
[BlackTeam "Gunzenhausen"]
[WhiteTeamCountry "GER"]
[BlackTeamCountry "GER"]

1. e4 d5 2. exd5 Qxd5 3. Nc3 Qa5 4. Bc4 Nf6 5. d4 c6 6. Bd2 Qh5 7. Qxh5 Nxh5 8. d5 Nf6 9. dxc6 bxc6 10. Nf3 Ba6 11. Bb3 Nbd7 12. Ba4 Rc8 13. Be3 Nb6 14. Ne5 Bb7 15. 0-0-0 e6 16. Bg5 Be7 17. Bb3 Nfd5 18. Bxe7 Nxc3 19. bxc3 Kxe7 20. a4 a5 21. Rhe1 Rcd8 22. Rd3 Rhe8 23. Rh3 h6 24. Rf3 f6 25. Ng6+ Kd6 26. Rd3+ Kc7 27. Nf4 Bc8 28. Rxd8 Kxd8 29. Nd3 e5 30. Nc5 Kc7 31. Rd1 Rd8 32. Rd3 f5 33. f3 Nd5 34. Bxd5 cxd5 35. Nb3 Kb6 36. c4 Bb7 37. Kb2 g5 38. c5+ Ka6 39. Re3 e4 40. Nd4 f4 41. Rc3 Rb8 42. Kc1 Bc8 43. Nb5 e3 44. Kd1 Rxb5 45. axb5+ Kxb5 46. c6 d4 47. Rd3 Kxc6 48. Rxd4 Bd7 49. g3 fxg3 50. hxg3 Kc7 51. Ke2 a4 52. Kxe3 a3 53. Rd3 a2 54. Ra3 Be6 55. Kd4 h5 56. c4 h4 57. gxh4 gxh4 58. Rxa2 h3 59. Ke5 Bd7 60. Rh2 Kc6 61. f4 Kc5 62. f5 1-0

[Event "Nittenau-ch 3rd"]
[Site "Nittenau"]
[Date "2003.09.28"]
[Round "5"]
[White "Schneider, Roland"]
[Black "Starostits, Ilmars"]
[Result "0-1"]
[WhiteElo "2159"]
[BlackElo "2431"]
[PlyCount "78"]
[EventDate "2003.09.26"]
[EventType "swiss"]
[EventRounds "5"]
[EventCountry "GER"]
[SourceTitle "EXT 2008"]
[Source "ChessBase"]
[SourceDate "2007.11.25"]
[SourceVersion "1"]
[SourceVersionDate "2007.11.25"]
[SourceQuality "1"]

1. e4 c5 2. Nf3 d6 3. d4 cxd4 4. Nxd4 Nf6 5. Nc3 g6 6. Be3 Bg7 7. f3 Nc6 8. Qd2 h5 9. 0-0-0 Bd7 10. Kb1 Rc8 11. h4 Ne5 12. Bg5 Nc4 13. Bxc4 Rxc4 14. Nde2 b5 15. Nf4 Nh7 16. Nfd5 Nxg5 17. Qxg5 a5 18. Nxb5 Bxb5 19. Nf6+ Kf8 20. Qxb5 Rb4 21. Nd7+ Kg8 22. Qc6 Rxb2+ 23. Kc1 Rxa2 24. e5 Ra1+ 25. Kb2 Rxd1 26. Rxd1 Kh7 27. Ka2 Qc8 28. Qxc8 Rxc8 29. exd6 Rxc2+ 30. Kb3 Rb2+ 31. Ka4 exd6 32. Kxa5 Rxg2 33. Rxd6 Rh2 34. Nf6+ Bxf6 35. Rxf6 Kg7 36. Rf4 Rb2 37. Ka4 f6 38. Rc4 g5 39. Ka3 Rf2 0-1

[Event "Regionalliga NO 0203"]
[Site "Bayern"]
[Date "2003.03.30"]
[Round "9.5"]
[White "Schneider, Roland"]
[Black "Heumann, Joern"]
[Result "0-1"]
[WhiteElo "2058"]
[BlackElo "2078"]
[PlyCount "42"]
[EventDate "2002.10.20"]
[EventType "team-tourn"]
[EventRounds "9"]
[EventCountry "GER"]
[SourceTitle "EXT 2004"]
[Source "ChessBase"]
[SourceDate "2003.11.25"]
[SourceVersion "1"]
[SourceVersionDate "2003.11.25"]
[SourceQuality "1"]
[WhiteTeam "Regensburg Eulenspiegel"]
[BlackTeam "Regensburg Fortuna II"]
[WhiteTeamCountry "GER"]
[BlackTeamCountry "GER"]

1. e4 c5 2. Nf3 Nc6 3. d4 cxd4 4. Nxd4 Nf6 5. Nc3 e5 6. Ndb5 d6 7. Bg5 a6 8. Na3 b5 9. Bxf6 gxf6 10. Nd5 f5 11. Bxb5 axb5 12. Nxb5 Ra4 13. b4 Rxb4 14. Nbc7+ Kd7 15. 0-0 Qg5 16. f4 exf4 17. e5 Rd4 18. Qe2 f3 19. Rxf3 Rd2 20. Qf1 Nd4 21. Rc3 Ne2+ 0-1

[Event "Regionalliga NO 0203"]
[Site "Bayern"]
[Date "2003.01.12"]
[Round "4.6"]
[White "Schneider, Roland"]
[Black "Feist, Rainer"]
[Result "1-0"]
[WhiteElo "2058"]
[BlackElo "1812"]
[PlyCount "117"]
[EventDate "2002.10.20"]
[EventType "team-tourn"]
[EventRounds "9"]
[EventCountry "GER"]
[SourceTitle "EXT 2004"]
[Source "ChessBase"]
[SourceDate "2003.11.25"]
[SourceVersion "1"]
[SourceVersionDate "2003.11.25"]
[SourceQuality "1"]
[WhiteTeam "Regensburg Eulenspiegel"]
[BlackTeam "Erlangen"]
[WhiteTeamCountry "GER"]
[BlackTeamCountry "GER"]

1. e4 e5 2. Nf3 Nc6 3. Bc4 Nf6 4. d4 exd4 5. Ng5 d5 6. exd5 Nxd5 7. 0-0 Be7 8. Nxf7 Kxf7 9. Qf3+ Bf6 10. Bxd5+ Be6 11. Bxe6+ Kxe6 12. Re1+ Kf7 13. Qb3+ Kg6 14. Qxb7 Qd5 15. Qb3 Qxb3 16. axb3 Rhe8 17. Bd2 d3 18. c3 Rxe1+ 19. Bxe1 Re8 20. Kf1 Re2 21. Nd2 Bg5 22. Rd1 Bxd2 23. Rxd2 Rxd2 24. Bxd2 Na5 25. b4 Nc4 26. Ke1 Nxb2 27. Be3 a6 28. Kd2 c6 29. Bd4 Kf7 30. c4 Nxc4+ 31. Kxd3 Nd6 32. Be5 Nb5 33. Kc4 g6 34. Kc5 Ke6 35. Bg3 Kd7 36. Kb6 Na3 37. Bf4 Nc2 38. Bd2 Nd4 39. Kxa6 Ke6 40. Kb6 Kd5 41. Be3 Nb5 42. h4 Nd6 43. Bc5 Ne4 44. f3 Ng3 45. Bf2 Nf5 46. g4 Ne7 47. Bc5 Ng8 48. Kc7 Nf6 49. Be7 Ng8 50. Kd7 Nh6 51. Ke8 Ke6 52. Kf8 Nf7 53. Bc5 Ne5 54. Kg7 Nxf3 55. h5 Nh2 56. Kxh7 gxh5 57. gxh5 Kf7 58. Kh6 Nf3 59. Be3 1-0